| 000 | 00419pab a2200157 454500 | ||
|---|---|---|---|
| 008 | 180718b2004 xxu||||| |||| 00| 0 eng d | ||
| 100 | _aTrefler, Daniel | ||
| 245 | _aThe long and short of the Canada-US free trade agreement | ||
| 260 | _c2004 | ||
| 300 | _ap.870-95. | ||
| 362 | _aSep | ||
| 650 | _aUnited States - Commerce - Canada | ||
| 650 | _aFree trade | ||
| 773 | _aAmerican Economic Review | ||
| 909 | _a62995 | ||
| 999 |
_c62995 _d62995 |
||